[Event "EU-Cup Online Gr-C"]
[Site "Tornelo INT"]
[Date "2021.03.27"]
[Round "1.4"]
[White "Lemasle, Raphael"]
[Black "Alvarez Fernandez, Enrique"]
[Result "1-0"]
[WhiteElo "2067"]
[BlackElo "2349"]
[PlyCount "69"]
[EventDate "2021.03.27"]
[EventType "team-tourn (rapid)"]
[EventRounds "9"]
[EventCountry "NET"]
[SourceTitle "CBM 201 Extra"]
[Source "ChessBase"]
[SourceDate "2021.05.31"]
[SourceVersion "1"]
[SourceVersionDate "2021.05.31"]
[SourceQuality "1"]
[WhiteTeam "Guingamp"]
[BlackTeam "Gijon 64"]
[WhiteTeamCountry "FRA"]
[BlackTeamCountry "ESP"]

1. d4 d5 2. Nf3 Nf6 3. c4 c6 4. Nbd2 Bf5 5. Qb3 Qb6 6. c5 Qc7 7. Qa4 Nbd7 8. e3 e6 9. Be2 h6 10. 0-0 Be7 11. b4 b6 12. Bb2 0-0 13. cxb6 Qxb6 14. Bc3 Bd6 15. Rac1 Rfe8 16. a3 Rac8 17. h3 Bb8 18. Nb3 Ne4 19. Ba6 Rc7 20. Nc5 Nd6 21. Ne5 Nxe5 22. dxe5 Ne4 23. Bd4 Nd2 24. Nb3 Qxa6 25. Qxa6 Nxb3 26. Rxc6 Rxc6 27. Qxc6 Rd8 28. Qc3 Nxd4 29. exd4 Kh7 30. Rc1 f6 31. f4 fxe5 32. fxe5 Rf8 33. Qc8 Kg8 34. Qxf8+ Kxf8 35. Rc8+ 1-0

[Event "Avoine op 31st"]
[Site "Avoine"]
[Date "2016.07.26"]
[Round "4"]
[White "Lemasle, Raphael"]
[Black "Eden, James"]
[Result "0-1"]
[WhiteElo "2055"]
[BlackElo "2293"]
[PlyCount "82"]
[EventDate "2016.07.23"]
[EventType "swiss"]
[EventRounds "9"]
[EventCountry "FRA"]
[SourceTitle "CBM 173 Extra"]
[Source "ChessBase"]
[SourceDate "2016.08.29"]
[SourceVersion "1"]
[SourceVersionDate "2016.08.29"]
[SourceQuality "1"]

1. d4 d5 2. c4 c6 3. Nf3 Nf6 4. Qc2 dxc4 5. Qxc4 Bg4 6. Nbd2 Nbd7 7. g3 e6 8. Bg2 Be7 9. 0-0 0-0 10. e4 c5 11. dxc5 Bxf3 12. Nxf3 Nxc5 13. Be3 Ncxe4 14. Rfd1 Qa5 15. Rac1 Rfd8 16. Nd4 Nd6 17. Qc7 Qxc7 18. Rxc7 Nf5 19. Rdc1 Bd6 20. Rxb7 Nxe3 21. fxe3 Rdb8 22. Nb5 Be5 23. Nxa7 Rxb7 24. Bxb7 Rb8 25. b4 Bd6 26. Bf3 Rxb4 27. Rc8+ Bf8 28. Nc6 Rb1+ 29. Kf2 Rb2+ 30. Kg1 g5 31. g4 Rxa2 32. Rc7 Bd6 33. Rc8+ Kg7 34. h3 Bg3 35. Nd8 Rd2 36. Nc6 Bf2+ 37. Kf1 Bxe3 38. Ke1 Rh2 39. Rc7 Rxh3 40. Ne5 Rxf3 41. Nxf3 Nxg4 0-1

[Event "Avoine op 31st"]
[Site "Avoine"]
[Date "2016.07.23"]
[Round "1"]
[White "Haub, Thorsten Michael"]
[Black "Lemasle, Raphael"]
[Result "1-0"]
[WhiteElo "2363"]
[BlackElo "2055"]
[PlyCount "47"]
[EventDate "2016.07.23"]
[EventType "swiss"]
[EventRounds "9"]
[EventCountry "FRA"]
[SourceTitle "CBM 173 Extra"]
[Source "ChessBase"]
[SourceDate "2016.08.29"]
[SourceVersion "1"]
[SourceVersionDate "2016.08.29"]
[SourceQuality "1"]

1. g3 d5 2. Bg2 e5 3. d3 f5 4. Nf3 Bd6 5. 0-0 Nf6 6. c4 c6 7. cxd5 cxd5 8. Nc3 Nc6 9. Bg5 Be7 10. Qb3 d4 11. Bxf6 Bxf6 12. Nd5 Na5 13. Nxf6+ Qxf6 14. Qb5+ Nc6 15. Nxe5 0-0 16. Nxc6 bxc6 17. Bxc6 a6 18. Bd5+ Kh8 19. Qc6 Qxc6 20. Bxc6 Rb8 21. b3 f4 22. Rac1 Bg4 23. f3 Bh3 24. Rfd1 1-0

[Event "Plancoet op 11th"]
[Site "Plancoet"]
[Date "2014.08.01"]
[Round "8"]
[White "Aubry, Yannis"]
[Black "Lemasle, Raphael"]
[Result "1/2-1/2"]
[WhiteElo "2255"]
[BlackElo "2072"]
[PlyCount "58"]
[EventDate "2014.07.27"]
[EventType "swiss"]
[EventRounds "9"]
[EventCountry "FRA"]
[SourceTitle "CBM 161 Extra"]
[Source "ChessBase"]
[SourceDate "2014.08.29"]
[SourceVersion "1"]
[SourceVersionDate "2014.08.29"]
[SourceQuality "1"]

1. c4 Nf6 2. Nc3 g6 3. g3 Bg7 4. Bg2 c5 5. e3 d6 6. Nge2 Nc6 7. 0-0 0-0 8. a3 Rb8 9. Rb1 Be6 10. d3 Qc8 11. Nf4 Bg4 12. f3 Bd7 13. b4 Nd8 14. b5 b6 15. Bd2 Ne6 16. Nfd5 Re8 17. a4 Nc7 18. Nxf6+ Bxf6 19. a5 Bh3 20. Ne4 Bh8 21. Bc3 Bxg2 22. Kxg2 d5 23. Bxh8 Kxh8 24. axb6 axb6 25. Nd2 Qe6 26. Qe2 Ra8 27. Ra1 Qf6 28. Rxa8 Rxa8 29. Nb1 Ra4 1/2-1/2

[Event "Avoine op 26th"]
[Site "Avoine"]
[Date "2011.07.29"]
[Round "7"]
[White "Bauche, Timothe"]
[Black "Lemasle, Raphael"]
[Result "0-1"]
[WhiteElo "1902"]
[BlackElo "2038"]
[PlyCount "132"]
[EventDate "2011.07.23"]
[EventType "swiss"]
[EventRounds "9"]
[EventCountry "FRA"]
[SourceTitle "EXT 2012"]
[Source "ChessBase"]
[SourceDate "2011.11.24"]
[SourceVersion "1"]
[SourceVersionDate "2011.11.24"]
[SourceQuality "1"]

1. d4 Nf6 2. c4 e6 3. Nf3 d5 4. e3 Be7 5. Nc3 0-0 6. Bd3 Nbd7 7. 0-0 dxc4 8. Bxc4 c5 9. Qe2 cxd4 10. exd4 Nb6 11. Bd3 Nbd5 12. Ne5 Bd7 13. f4 Rc8 14. Rf3 Nb4 15. Bb1 g6 16. a3 Nc6 17. Be3 Be8 18. Qd3 Bd6 19. Nc4 Bc7 20. Bc2 a6 21. Rd1 Ng4 22. Kh1 Nxe3 23. Nxe3 Ne7 24. d5 exd5 25. Ncxd5 Nxd5 26. Nxd5 Bc6 27. Bb3 Bxd5 28. Bxd5 Qf6 29. f5 g5 30. Qe4 Rcd8 31. Rfd3 Rde8 32. Qd4 Be5 33. Qg4 Bxb2 34. Rg3 h6 35. h4 Kg7 36. Rb3 b5 37. a4 bxa4 38. Qxa4 Be5 39. Rf1 Rd8 40. Qa5 Rb8 41. Bb7 Bd6 42. Re1 Qd4 43. Qa1 Qxa1 44. Rxa1 gxh4 45. Rxa6 Bg3 46. Bd5 Rxb3 47. Bxb3 Rb8 48. Bc2 Rc8 49. Ra2 Kf6 50. Kg1 Re8 51. Ra1 Re2 52. Rc1 Bf4 53. Bd3 Be3+ 54. Kh1 Rd2 55. Bb1 Kg5 56. Rf1 Kg4 57. Be4 Bf2 58. Rc1 Ra2 59. Kh2 Be3 60. Rf1 h3 61. Kh1 Bf2 62. Bd5 Rd2 63. gxh3+ Kg3 64. Bb7 Kxh3 65. Bc6 Kg3 66. Bb7 Rd4 0-1

[Event "FRA-chT2 0910"]
[Site "France"]
[Date "2010.01.24"]
[Round "7.4"]
[White "Lemasle, Raphael"]
[Black "Crouan, Stephane"]
[Result "1-0"]
[WhiteElo "2085"]
[BlackElo "2229"]
[PlyCount "79"]
[EventDate "2009.09.27"]
[EventType "team-tourn"]
[EventRounds "11"]
[EventCountry "FRA"]
[SourceTitle "EXT 2011"]
[Source "ChessBase"]
[SourceDate "2010.11.26"]
[SourceVersion "1"]
[SourceVersionDate "2010.11.26"]
[SourceQuality "1"]

1. c4 e5 2. Nc3 Nf6 3. Nf3 Nc6 4. e3 e4 5. Ng5 Qe7 6. Qc2 Nb4 7. Qb1 d5 8. cxd5 Bf5 9. Bb5+ c6 10. dxc6 bxc6 11. Bc4 h6 12. Nxf7 Qc5 13. b3 Rh7 14. Na4 Qe7 15. Bb2 Nd7 16. f4 Be6 17. Ne5 Bxc4 18. Nxc4 Nd3+ 19. Kd1 Nf2+ 20. Ke2 Nxh1 21. Qxh1 Qe6 22. h3 g5 23. g3 Nc5 24. Nxc5 Bxc5 25. Ne5 Qd5 26. Rc1 0-0-0 27. Rc2 gxf4 28. gxf4 Kb7 29. Qc1 Bd6 30. Bd4 Bxe5 31. fxe5 Qb5+ 32. Rc4 Rg8 33. Qa3 a6 34. Kd1 Rg1+ 35. Kc2 a5 36. Qf8 Rgg7 37. e6 Re7 38. Bc5 Rc7 39. a4 Qa6 40. e7 1-0

[Event "FRA-chT2 0910"]
[Site "France"]
[Date "2009.12.13"]
[Round "6.3"]
[White "Baron, Daniel"]
[Black "Lemasle, Raphael"]
[Result "0-1"]
[WhiteElo "2086"]
[BlackElo "2075"]
[PlyCount "56"]
[EventDate "2009.09.27"]
[EventType "team-tourn"]
[EventRounds "11"]
[EventCountry "FRA"]
[SourceTitle "EXT 2011"]
[Source "ChessBase"]
[SourceDate "2010.11.26"]
[SourceVersion "1"]
[SourceVersionDate "2010.11.26"]
[SourceQuality "1"]

1. e4 c5 2. Nf3 d6 3. d4 cxd4 4. Nxd4 Nf6 5. Nc3 g6 6. Be3 Bg7 7. f3 Nc6 8. Qd2 Bd7 9. Bc4 Rc8 10. Bb3 h5 11. 0-0-0 Ne5 12. Kb1 a6 13. h3 h4 14. f4 Nc4 15. Bxc4 Rxc4 16. e5 Nh5 17. e6 Bxe6 18. Nxe6 fxe6 19. Qd3 Qc8 20. Qxg6+ Kf8 21. f5 exf5 22. Bg5 Rxc3 23. Bxe7+ Kg8 24. bxc3 Rh6 25. Qg5 Qxc3 26. Kc1 Re6 27. Qf4 Qb2+ 28. Kd2 Re2+ 0-1

[Event "Rohde op 07th"]
[Site "Sautron"]
[Date "2007.11.01"]
[Round "7"]
[White "Lemasle, Raphael"]
[Black "Kirk, Ezra"]
[Result "1-0"]
[WhiteElo "2079"]
[BlackElo "1823"]
[PlyCount "55"]
[EventDate "2007.10.27"]
[EventType "swiss"]
[EventRounds "9"]
[EventCountry "FRA"]
[SourceTitle "EXT 2008"]
[Source "ChessBase"]
[SourceDate "2007.11.25"]
[SourceVersion "1"]
[SourceVersionDate "2007.11.25"]
[SourceQuality "1"]

1. d4 d5 2. c4 c6 3. Nf3 Nf6 4. Qc2 e6 5. g3 Be7 6. Bg2 0-0 7. 0-0 Nbd7 8. Nbd2 Re8 9. b3 Bd6 10. Bb2 Qe7 11. Rfe1 Bb4 12. a3 Bxd2 13. Nxd2 e5 14. cxd5 cxd5 15. dxe5 Nxe5 16. e4 dxe4 17. Nxe4 Nxe4 18. Qxe4 Ng6 19. Qxe7 Rxe7 20. Rxe7 Nxe7 21. b4 a5 22. b5 Bd7 23. a4 Rb8 24. Be5 Rc8 25. Bxb7 Rc4 26. Rd1 Be8 27. Rd8 Kf8 28. Bd6 1-0

[Event "Rohde op 07th"]
[Site "Sautron"]
[Date "2007.10.29"]
[Round "3"]
[White "Lemasle, Raphael"]
[Black "Kazakov, Mikhail"]
[Result "0-1"]
[WhiteElo "2079"]
[BlackElo "2449"]
[PlyCount "146"]
[EventDate "2007.10.27"]
[EventType "swiss"]
[EventRounds "9"]
[EventCountry "FRA"]
[SourceTitle "EXT 2008"]
[Source "ChessBase"]
[SourceDate "2007.11.25"]
[SourceVersion "1"]
[SourceVersionDate "2007.11.25"]
[SourceQuality "1"]

1. d4 g6 2. c4 Nf6 3. f3 d5 4. cxd5 Nxd5 5. e4 Nb6 6. Nc3 Bg7 7. Be3 0-0 8. f4 Nc6 9. d5 Na5 10. Bd4 e5 11. Bxe5 Bxe5 12. fxe5 Qe7 13. Qd4 c5 14. d6 Qh4+ 15. Qf2 Qxf2+ 16. Kxf2 f6 17. Nf3 fxe5 18. Kg3 Rd8 19. Rd1 Nc6 20. a4 Be6 21. a5 Nd7 22. Bb5 Nd4 23. Bxd7 Rxd7 24. Nxe5 Rxd6 25. Nf3 Bb3 26. Rde1 Nxf3 27. gxf3 Rd2 28. Re2 Rxe2 29. Nxe2 Rd8 30. Rc1 Rd2 31. Rxc5 Rxe2 32. Rc8+ Kg7 33. Rc7+ Bf7 34. Rxb7 a6 35. Ra7 Rxb2 36. Rxa6 Ra2 37. Ra7 Kf6 38. h4 h6 39. Kf4 g5+ 40. hxg5+ hxg5+ 41. Kg3 Be6 42. Ra8 Ra3 43. Kf2 Bf7 44. a6 Bh5 45. a7 Kg7 46. Rb8 Rxa7 47. Rb3 Rf7 48. Kg3 Rf4 49. Rb7+ Bf7 50. Rb5 Kf6 51. Rb6+ Be6 52. Ra6 Rh4 53. Rb6 Rh3+ 54. Kg2 Rh8 55. Kg3 Ra8 56. Rb5 Ra3 57. Kg2 Ra6 58. Rc5 Kg6 59. Kg3 Bd7 60. Rd5 Be6 61. Rc5 Ra3 62. Kg2 Bf7 63. f4 gxf4 64. Rf5 Be6 65. Rxf4 Kg5 66. Rf3 Ra4 67. Re3 Kf4 68. Re2 Ra3 69. e5 Bg4 70. Re1 Bf3+ 71. Kh3 Ra8 72. Kh2 Rh8+ 73. Kg1 Kg3 0-1

[Event "Hennebont Grand Prix"]
[Site "Hennebont"]
[Date "2006.08.06"]
[Round "5"]
[White "Lemasle, Raphael"]
[Black "Jolly, Jean Francois"]
[Result "0-1"]
[WhiteElo "2062"]
[BlackElo "2266"]
[PlyCount "56"]
[EventDate "2006.08.05"]
[EventType "swiss"]
[EventRounds "7"]
[EventCountry "FRA"]
[SourceTitle "EXT 2007"]
[Source "ChessBase"]
[SourceDate "2006.11.23"]
[SourceVersion "1"]
[SourceVersionDate "2006.11.23"]
[SourceQuality "1"]

1. d4 Nf6 2. c4 e6 3. Nc3 Bb4 4. Nf3 0-0 5. Bg5 d5 6. e3 c6 7. cxd5 exd5 8. Bd3 Re8 9. Qc2 h6 10. Bh4 Nbd7 11. g4 Qa5 12. g5 Ne4 13. 0-0 hxg5 14. Bxg5 Ndf6 15. Bxf6 Nxf6 16. Ng5 Ng4 17. Bh7+ Kf8 18. Bf5 Qd8 19. h4 Nh6 20. Bxc8 Qxc8 21. Qe2 f6 22. Qf3 Nf5 23. e4 Nxd4 24. Nh7+ Kg8 25. Nxf6+ gxf6 26. Qg3+ Kh8 27. Qf4 Rg8+ 28. Kh2 Bd6 0-1

[Event "Hennebont Grand Prix"]
[Site "Hennebont"]
[Date "2006.08.06"]
[Round "6"]
[White "Migot, Tangi"]
[Black "Lemasle, Raphael"]
[Result "0-1"]
[WhiteElo "1956"]
[BlackElo "2062"]
[PlyCount "62"]
[EventDate "2006.08.05"]
[EventType "swiss"]
[EventRounds "7"]
[EventCountry "FRA"]
[SourceTitle "EXT 2007"]
[Source "ChessBase"]
[SourceDate "2006.11.23"]
[SourceVersion "1"]
[SourceVersionDate "2006.11.23"]
[SourceQuality "1"]

1. Nc3 d5 2. e4 c6 3. d4 dxe4 4. Nxe4 Bf5 5. Ng3 Bg6 6. Nf3 Nd7 7. Bd3 Ngf6 8. 0-0 e6 9. c4 Bd6 10. Qe2 Bxd3 11. Qxd3 0-0 12. Re1 Qc7 13. Bg5 h6 14. Bxf6 Nxf6 15. Ne4 Be7 16. Rad1 Rad8 17. Qe2 Qa5 18. a3 Nxe4 19. Qxe4 Bf6 20. Ne5 Qb6 21. b4 Bxe5 22. dxe5 Qa6 23. Rd3 b5 24. c5 Rd5 25. Rg3 Rfd8 26. Qg4 g6 27. Qe4 Qb7 28. Rh3 h5 29. g4 Rd4 30. Qf3 hxg4 31. Qf6 gxh3 0-1

[Event "Hennebont Grand Prix"]
[Site "Hennebont"]
[Date "2006.08.05"]
[Round "3"]
[White "Lemasle, Raphael"]
[Black "Coursaget, Nicolas"]
[Result "1/2-1/2"]
[WhiteElo "2062"]
[BlackElo "2331"]
[PlyCount "91"]
[EventDate "2006.08.05"]
[EventType "swiss"]
[EventRounds "7"]
[EventCountry "FRA"]
[SourceTitle "EXT 2007"]
[Source "ChessBase"]
[SourceDate "2006.11.23"]
[SourceVersion "1"]
[SourceVersionDate "2006.11.23"]
[SourceQuality "1"]

1. d4 d5 2. c4 c6 3. Nf3 Nf6 4. Nbd2 a6 5. e3 Bf5 6. Be2 h6 7. 0-0 e6 8. Ne5 Bd6 9. Ndf3 0-0 10. Qb3 Qc7 11. Bd2 Nbd7 12. Nxd7 Nxd7 13. cxd5 exd5 14. Bb4 Bxb4 15. Qxb4 Rae8 16. Rfd1 Bg4 17. Qd2 f5 18. b4 f4 19. a4 fxe3 20. fxe3 Qd8 21. b5 axb5 22. axb5 Bxf3 23. Bxf3 Qg5 24. bxc6 bxc6 25. Kh1 Rxe3 26. Re1 Rfe8 27. Rxe3 Rxe3 28. Re1 Rxe1+ 29. Qxe1 Nf8 30. Qc3 Qh4 31. h3 Qf6 32. Be2 Ng6 33. Qb4 Nf4 34. Bd1 h5 35. Bc2 g6 36. Qe1 Ne6 37. Qc3 Nxd4 38. Bxg6 Qf1+ 39. Kh2 Qf4+ 40. Qg3 Ne2 41. Qxf4 Nxf4 42. Be8 c5 43. Kg3 Kf8 44. Bc6 Ne2+ 45. Kh4 d4 46. Bb5 1/2-1/2

[Event "Avoine op 20th"]
[Site "Avoine"]
[Date "2005.07.30"]
[Round "8"]
[White "Naudier, Serge"]
[Black "Lemasle, Raphael"]
[Result "1-0"]
[WhiteElo "2256"]
[BlackElo "2123"]
[PlyCount "45"]
[EventDate "2005.07.23"]
[EventType "swiss"]
[EventRounds "9"]
[EventCountry "FRA"]
[SourceTitle "EXT 2007"]
[Source "ChessBase"]
[SourceDate "2006.11.23"]
[SourceVersion "1"]
[SourceVersionDate "2006.11.23"]
[SourceQuality "1"]

1. e4 d6 2. d4 Nf6 3. Nc3 Nbd7 4. f4 e5 5. Nf3 exd4 6. Qxd4 Be7 7. e5 dxe5 8. fxe5 Bc5 9. Qc4 Qe7 10. Bf4 c6 11. Be2 Ng4 12. Ne4 b5 13. Qb3 Ndxe5 14. 0-0-0 0-0 15. Nxe5 Nxe5 16. Bg5 Be3+ 17. Qxe3 f6 18. Bf4 Nf7 19. Bf3 g5 20. Nd6 Qc7 21. Bg3 f5 22. Nxf5 Qa5 23. Ne7+ 1-0

[Event "Avoine op 20th"]
[Site "Avoine"]
[Date "2005.07.24"]
[Round "2"]
[White "Simon, Olivier"]
[Black "Lemasle, Raphael"]
[Result "1/2-1/2"]
[WhiteElo "2315"]
[BlackElo "2123"]
[PlyCount "90"]
[EventDate "2005.07.23"]
[EventType "swiss"]
[EventRounds "9"]
[EventCountry "FRA"]
[SourceTitle "EXT 2007"]
[Source "ChessBase"]
[SourceDate "2006.11.23"]
[SourceVersion "1"]
[SourceVersionDate "2006.11.23"]
[SourceQuality "1"]

1. e4 c6 2. d4 d5 3. Nc3 dxe4 4. Nxe4 Bf5 5. Ng3 Bg6 6. h4 h6 7. Nf3 Nd7 8. h5 Bh7 9. Bd3 Bxd3 10. Qxd3 Ngf6 11. Bf4 Qa5+ 12. Bd2 Qc7 13. 0-0-0 e6 14. Ne4 Nxe4 15. Qxe4 Nf6 16. Qe2 0-0-0 17. c4 Kb8 18. g3 Ka8 19. Kb1 c5 20. Bf4 Bd6 21. Bxd6 Rxd6 22. dxc5 Rxd1+ 23. Rxd1 Qxc5 24. Ne5 Qc7 25. f4 a6 26. g4 Rd8 27. Rxd8+ Qxd8 28. Kc2 Qc7 29. b4 Nd5 30. Kb3 Nxf4 31. Qe4 f6 32. Qxf4 fxe5 33. Qf8+ Ka7 34. Qf2+ b6 35. a4 Qd7 36. Kc3 e4 37. Qd4 Qf7 38. Qxe4 Qf6+ 39. Kb3 e5 40. a5 bxa5 41. bxa5 Qg5 42. Qc6 Qe3+ 43. Ka4 Qd4 44. Qc7+ Ka8 45. Qc6+ Ka7 1/2-1/2

[Event "FRA-chT N1"]
[Site "France"]
[Date "2005.05.08"]
[Round "11"]
[White "Leroy, Christophe"]
[Black "Lemasle, Raphael"]
[Result "1/2-1/2"]
[WhiteElo "2144"]
[BlackElo "2105"]
[PlyCount "129"]
[EventDate "2005.05.05"]
[EventType "team"]
[EventRounds "11"]
[EventCountry "FRA"]
[SourceTitle "EXT 2006"]
[Source "ChessBase"]
[SourceDate "2005.11.24"]
[SourceVersion "1"]
[SourceVersionDate "2005.11.24"]
[SourceQuality "1"]

1. e4 c6 2. d4 d5 3. e5 Bf5 4. c3 e6 5. Be3 Nd7 6. Nd2 c5 7. Ngf3 Ne7 8. Bb5 Nc6 9. 0-0 c4 10. Ba4 Be7 11. Ne1 a6 12. f4 h5 13. g3 Bg4 14. Ndf3 b5 15. Bc2 h4 16. Qd2 g6 17. Ng2 hxg3 18. hxg3 Rh3 19. Kf2 Qa5 20. Rh1 Rxh1 21. Rxh1 Qxa2 22. Rh7 Nf8 23. Rg7 Qxb2 24. Ngh4 Bxh4 25. Nxh4 Bf5 26. Nxf5 gxf5 27. g4 Ne7 28. Kg3 fxg4 29. Kxg4 a5 30. Rxf7 Nf5 31. Rxf5 exf5+ 32. Kxf5 0-0-0 33. Kf6 Nd7+ 34. Kg5 Rg8+ 35. Bg6 Qb1 36. f5 Nf8 37. Qc1 Qe4 38. Kf6 Nxg6 39. Qa3 Qh4+ 40. Bg5 Qh8+ 41. Ke6 Re8+ 42. Kxd5 Rxe5+ 43. dxe5 Qxe5+ 44. Kc6 Qxf5 45. Qc5 Qxc5+ 46. Kxc5 a4 47. Bc1 Ne5 48. Kxb5 Kd7 49. Kxa4 Kc6 50. Be3 Kd5 51. Bd4 Nc6 52. Bh8 Ke4 53. Kb5 Kd5 54. Ka4 Ne7 55. Kb5 Nf5 56. Kb4 Nd6 57. Bg7 Ne4 58. Bh8 Nd2 59. Bg7 Nf3 60. Bh8 Ne1 61. Bg7 Nc2+ 62. Kb5 Ne3 63. Kb4 Nf5 64. Bh8 Nd6 65. Bg7 1/2-1/2

[Event "FRA-chT3 0405"]
[Site "France"]
[Date "2005.02.06"]
[Round "6"]
[White "Lemasle, Raphael"]
[Black "Le Borgne, Pierre"]
[Result "1/2-1/2"]
[WhiteElo "2097"]
[BlackElo "2181"]
[PlyCount "82"]
[EventDate "2004.10.10"]
[EventType "team"]
[EventRounds "9"]
[EventCountry "FRA"]
[SourceTitle "EXT 2007"]
[Source "ChessBase"]
[SourceDate "2006.11.23"]
[SourceVersion "1"]
[SourceVersionDate "2006.11.23"]
[SourceQuality "1"]

1. e4 e5 2. Nf3 Nc6 3. Bb5 a6 4. Ba4 Nf6 5. 0-0 Be7 6. Re1 b5 7. Bb3 0-0 8. h3 d6 9. c3 Na5 10. Bc2 c5 11. d4 cxd4 12. cxd4 Qc7 13. Nbd2 Bd7 14. Nf1 Rac8 15. Ne3 Nc6 16. Bb3 Na5 17. Nd5 Nxd5 18. exd5 Nxb3 19. axb3 f6 20. Rxa6 Qb7 21. Ra1 Bf5 22. dxe5 Bc2 23. Qd4 dxe5 24. Qa7 Qxa7 25. Rxa7 Bc5 26. Rb7 Bxb3 27. Rxb5 Bc4 28. Rxc5 Rxc5 29. b3 Bxb3 30. Ba3 Rxd5 31. Bxf8 Kxf8 32. Rb1 Ba4 33. Rb7 Rd1+ 34. Kh2 Bc6 35. Rb3 Kf7 36. Rc3 Bd7 37. Kg3 e4 38. Nh2 f5 39. f3 Rh1 40. fxe4 f4+ 41. Kf2 Rb1 1/2-1/2